| 000 | 00429cam a22001457a 4500 | ||
|---|---|---|---|
| 008 | 180718b2006 xxu||||| |||| 00| 0 eng d | ||
| 020 | _a8190318020 | ||
| 082 | _aT15x54 Ad45 | ||
| 100 | _aAdil, M.S. | ||
| 245 |
_aConsumer protection: law, practice and procedure _cby M.S. Adil |
||
| 260 |
_aNew Delhi _bJBA _c2006 |
||
| 300 | _a562p. | ||
| 650 | _aConsumers - India | ||
| 650 | _aConsumer protection - Law and legislation - India | ||
| 999 |
_c406005 _d406005 |
||